000 00770nam a2200253 a 4500
001 BRCA_4548
005 20190320204719.0
008 140910s1947----mx-a######---#000-0#esp-#
041 _aesp
044 _amx
050 4 _aNA753
_b.G35 1
_c1947
100 1 _aGante, Pablo C. de
_911406
245 1 0 _aLa arquitectura de México en el siglo XVI
_cpor Pablo C. de Gante.
260 _aMéxico
_bTalleres Gráficos de la Nación
_c1947
300 _a248 p.
_bil., 280 láminas
_c19 cm.
500 _aIncluye índice alfabético y nombres de los grabados
500 _aEjemplar igual a E30
500 _aD6
504 _aBibliografía: p. 221-223
650 1 4 _aArquitectura
_zMéxico
_9596
650 1 4 _aArquitectura
_xHistoria
_91467
902 _aGFM
942 _2lcc
_cB
999 _c4254
_d4254